[Event "Mittelfranken-chTB2a 1819"]
[Site "Mittelfranken"]
[Date "2019.02.10"]
[Round "5.8"]
[White "Auth, Bernhard"]
[Black "Barani, Stefan"]
[Result "1-0"]
[WhiteElo "1717"]
[BlackElo "1184"]
[PlyCount "53"]
[EventDate "2018.10.14"]
[EventType "team-tourn"]
[EventRounds "9"]
[EventCountry "GER"]
[SourceTitle "EXT 2022"]
[Source "ChessBase"]
[SourceDate "2021.10.06"]
[SourceVersion "1"]
[SourceVersionDate "2021.10.06"]
[SourceQuality "1"]
[WhiteTeam "Ansbach/Bad Windsheim"]
[BlackTeam "Dinkelsbuehl"]
[WhiteTeamCountry "GER"]
[BlackTeamCountry "GER"]

1. d4 d5 2. Nf3 Nf6 3. Bg5 Nc6 4. e3 Bg4 5. h3 Bf5 6. Bb5 a6 7. Bxc6+ bxc6 8. Ne5 Qd6 9. 0-0 h6 10. Bf4 e6 11. Nxf7 Qd7 12. Nxh8 Bd6 13. Nd2 c5 14. dxc5 Bxc5 15. Nb3 Bd6 16. Rc1 Ne4 17. Qh5+ Kd8 18. Nf7+ Kc8 19. Nxd6+ cxd6 20. c4 dxc4 21. Rxc4+ Kb7 22. Rfc1 e5 23. Bh2 d5 24. Rxe4 Bxe4 25. Nc5+ Kc8 26. Nxd7+ Kxd7 27. Qxe5 1-0